Long Range Planning International Journal of Strategic Management

Saved in:
Bibliographic Details
Format: Serial
Language:English
Published: Oxford Elsevier Science 2017
Tags: Add Tag
No Tags, Be the first to tag this record!

MARC

LEADER 00000nas2a2200000 4500
001 0282351
005 20220303134053.4
022 |a 0024-6301 
041 0 |a eng 
044 |a GB 
245 1 0 |a Long Range Planning  |b International Journal of Strategic Management 
264 1 |a Oxford  |b Elsevier Science  |c 2017 
773 0 |w eu_un_cat*s120172